Intraoperative use of echocardiography / (Record no. 2092)

000 -LEADER
fixed length control field 01117pam a2200313 a 4500
003 - CONTROL NUMBER IDENTIFIER
control field OSt
005 - DATE AND TIME OF LATEST TRANSACTION
control field 20210706094714.0
008 - FIXED-LENGTH DATA ELEMENTS--GENERAL INFORMATION
fixed length control field 910114s1991 paua b 001 0 eng c
020 ## - INTERNATIONAL STANDARD BOOK NUMBER
International Standard Book Number 0397511280
040 ## - CATALOGING SOURCE
Transcribing agency ALUPE UNIVERSITY
050 00 - LIBRARY OF CONGRESS CALL NUMBER
Classification number RD52
Item number .T73 I57 1991
060 ## - NATIONAL LIBRARY OF MEDICINE CALL NUMBER
Classification number WG 141.5.E2 I62
245 00 - TITLE STATEMENT
Title Intraoperative use of echocardiography /
Remainder of title edited by Norbert P. de Bruijn, Fiona M. Clements ; with 16 contributors.
260 ## - PUBLICATION, DISTRIBUTION, ETC.
Place of publication, distribution, etc. Philadelphia :
Name of publisher, distributor, etc. Lippincott,
Date of publication, distribution, etc. c1991.
300 ## - PHYSICAL DESCRIPTION
Extent xiv, 225 p. :
Other physical details ill. (some col.) ;
Dimensions 24 cm.
440 #2 - SERIES STATEMENT/ADDED ENTRY--TITLE
Title A Society of Cardiovascular Anesthesiologists monograph
504 ## - BIBLIOGRAPHY, ETC. NOTE
Bibliography, etc. note Includes bibliographical references and index.
650 #0 - SUBJECT ADDED ENTRY--TOPICAL TERM
Topical term or geographic name entry element Transesophageal echocardiography.
650 #0 - SUBJECT ADDED ENTRY--TOPICAL TERM
Topical term or geographic name entry element Heart
General subdivision Surgery.
650 #0 - SUBJECT ADDED ENTRY--TOPICAL TERM
Topical term or geographic name entry element Intraoperative monitoring.
650 #2 - SUBJECT ADDED ENTRY--TOPICAL TERM
Topical term or geographic name entry element Echocardiography.
650 #2 - SUBJECT ADDED ENTRY--TOPICAL TERM
Topical term or geographic name entry element Intraoperative Care
General subdivision methods.
650 #2 - SUBJECT ADDED ENTRY--TOPICAL TERM
Topical term or geographic name entry element Intraoperative Monitoring
General subdivision methods.
700 1# - ADDED ENTRY--PERSONAL NAME
Personal name De Bruijn, Norbert P.
700 1# - ADDED ENTRY--PERSONAL NAME
Personal name Clements, Fiona M.
906 ## - LOCAL DATA ELEMENT F, LDF (RLIN)
a 7
b cbc
c orignew
d 1
e ocip
f 19
g y-gencatlg
942 ## - ADDED ENTRY ELEMENTS (KOHA)
Source of classification or shelving scheme
Koha item type Book
Suppress in OPAC PW
Holdings
Withdrawn status Lost status Source of classification or shelving scheme Damaged status Not for loan Permanent Location Current Location Shelving location Date acquired Total Checkouts Full call number Barcode Date last seen Price effective from Koha item type Public note
          AU LIBRARY AU LIBRARY Open Shelf 06.07.2021   RD52 .T73 I57 1991 28003330 06.07.2021 06.07.2021 Book PW

Powered by Koha